| 000 | 00679nam a2200181Ia 4500 | ||
|---|---|---|---|
| 008 | 151202s9999||||xx |||||||||||||| ||und|| | ||
| 082 | _bPNVM-64831 | ||
| 100 | _aअंधारे भा. रा. | ||
| 245 | _aदुसरे रघुजी भोसले (1788-1816 ). | ||
| 260 | _b"विश्वभारती प्रकाशन,नागपूर." | ||
| 260 | _c2002 | ||
| 300 | _a211 | ||
| 600 | _aअंधारे भा. रा. | ||
| 630 | _aदुसरे रघुजी भोसले (1788-1816 ). | ||
| 700 | _aअंधारे भा. रा. | ||
| 730 | _aदुसरे रघुजी भोसले (1788-1816 ). | ||
| 942 | _cBOOK | ||
| 999 |
_c1331364 _d1331361 |
||